000 01697nam0a2200421 4500
001 RU\NLR\BIBL_A\022679986
005 20251224151930.0
010 _a978-5-04-223038-7
_92000
021 _aRU
_bАЛ-П-25-01019и
_9АЛ-П-25-0200
035 _a(NLR Aleph) 022679986
090 _a13510443
_c13510443
100 _a20251204d2025 u y0rusy50 ca
101 0 _arus
102 _aRU
105 _aa t 000ay
181 0 _ab3
_bbb2e
181 0 _ai1
_baxxe
182 0 _an
200 1 _aПочти 100 привидений. После жизни
_e[комикс]
_fПавел Пако
203 _aИзображение
_aТекст
_bвизуальные
_cнепосредственные
210 _aМосква
_cЭксмо, Комильфо
_d2025
215 _a[160] с.
_cцв. ил.
_d20
225 1 _aМозги трески
300 _aЗагл. обл.: Мозги трески представляют: Почти 100 привидений после жизни
311 _aПродолж. проекта "Мозги трески" и комикса-игры "Домашние монстры"
333 _a16+
488 0 _12001#$aМозги трески$eпроект
488 0 _12001#$aДомашние монстры$eкомикс-игра
512 1 _aМозги трески представляют: Почти 100 привидений после жизни
686 0 _aЩ153(2Р=Рус)8-475
686 2 _aШ6(2=Р)8-499
700 1 _aПако
_bП.
_f1991-
_gПавел
942 _cBOOK
980 _aNB